01181 a2200229 4500003000500000005001700005010001600022020003300038040000900071082001800080100001800098245009400116260005000210300003200260490012400292505028800416650002800704650004400732650003600776830007000812830006900882NUST20221230145157.0 a 96016696 a0792397274 (acid-free paper) cNust00a621.38456,PAR1 aPark, Kun Il,10aPersonal and wireless communications :bdigital technology and standards /c Kun Il Park. aBoston :bKluwer Academic Publishers,cc1996. ax, 230 p. :bill. ;c24 cm.1 aThe Kluwer international series in engineering and computer science ;vSECS 361.aCommunications and information theory aIntroduction (Page-1), Digital Wireless Communications Technology (Page-9), The Standard Based On The North American High-Tier TDMA System (Page-55), The Standard Based On The North American High-Tier CDMA System (Page-123), Highlights Of Other Wireless Access Standards (Page-177). 0aDigital communications. 0aPersonal communication service systems. 0aWireless communication systems. 0aKluwer international series in engineering and computer science ; 0aKluwer international series in engineering and computer science.